000 00751nam a22002292 4500
001 0000021362
005 20151217155910.0
008 120330s xx 000 0 eng d
020 _a9966723803 :
040 _aKABU
_cKABU
100 1 _aObachi, Esther K.
_@0000182181
245 1 0 _aCreating a knowledge base from the World Social Forum :
_ba manual for library and information professionals /
_cEsther K. Obachi.
250 _a1st ed.
260 _aNairobi :
_bKLA,
_c2007.
300 _aix, 21 p.
610 2 0 _aWorld Social Forum.
_@0000182182
650 0 _aSocial networks.
_@0000164692
650 0 _aSocial reform literature.
_@0000182183
908 _a120330
950 _@1
999 _c13832
_d13832